[Event "ROM-ch U14 Girls"]
[Site "Eforie Nord"]
[Date "2022.04.13"]
[Round "4"]
[White "Pandelescu, Maria Catalina"]
[Black "Militaru, Andreea Elena"]
[Result "1-0"]
[WhiteElo "1577"]
[BlackElo "1360"]
[PlyCount "51"]
[EventDate "2022.04.11"]
[EventType "swiss"]
[EventRounds "9"]
[EventCountry "ROU"]
[SourceTitle "EXT 2023"]
[Source "ChessBase"]
[SourceDate "2022.10.05"]
[SourceVersion "1"]
[SourceVersionDate "2022.10.05"]
[SourceQuality "1"]

1. e4 c5 2. c4 e6 3. Nc3 g6 4. g3 Bg7 5. Bg2 Ne7 6. Nge2 0-0 7. 0-0 Nbc6 8. d3 d6 9. a3 a6 10. Rb1 Rb8 11. b4 cxb4 12. axb4 b5 13. cxb5 axb5 14. d4 d5 15. e5 Qb6 16. Be3 Nf5 17. g4 Nxe3 18. fxe3 f6 19. exf6 Bxf6 20. Qd3 Bd7 21. Nf4 Be7 22. Nxg6 hxg6 23. Qxg6+ Kh8 24. Qh6+ Kg8 25. Nxd5 Qd8 26. Be4 1-0

[Event "EU-ch Hybrid U14 Girls"]
[Site "Tornelo INT"]
[Date "2021.10.15"]
[Round "6"]
[White "Pandelescu, Maria Catalina"]
[Black "Kovacs, Reka"]
[Result "1-0"]
[WhiteElo "1447"]
[BlackElo "1663"]
[PlyCount "67"]
[EventDate "2021.10.15"]
[EventType "swiss"]
[EventRounds "9"]
[EventCountry "NET"]
[SourceTitle "EXT 2023"]
[Source "ChessBase"]
[SourceDate "2022.10.05"]
[SourceVersion "1"]
[SourceVersionDate "2022.10.05"]
[SourceQuality "1"]
[WhiteTeam "Romania"]
[BlackTeam "Hungary"]
[WhiteTeamCountry "ROU"]
[BlackTeamCountry "HUN"]

1. e4 c5 2. c4 Nc6 3. Nc3 e6 4. g3 Nf6 5. Bg2 Be7 6. Nge2 Nb4 7. d3 0-0 8. 0-0 Rb8 9. f4 b6 10. e5 Ne8 11. Be3 d5 12. cxd5 exd5 13. d4 Bf5 14. Bf2 Nc7 15. h3 h6 16. g4 Bh7 17. f5 c4 18. Nf4 Bg5 19. Nce2 Bxf4 20. Nxf4 g5 21. Nh5 Nd3 22. Nf6+ Kh8 23. Qd2 Nf4 24. h4 Ne8 25. hxg5 hxg5 26. Nxe8 Qxe8 27. Be3 Nxg2 28. Kxg2 f6 29. Rae1 fxe5 30. dxe5 Qc6 31. Bd4 Qa4 32. e6+ Kg8 33. Qxg5+ Bg6 34. Qxg6# 1-0

[Event "Balkan-ch U12 Girls"]
[Site "Tornelo INT"]
[Date "2020.11.01"]
[Round "5"]
[White "Pandelescu, Maria Catalina"]
[Black "Stankovic, Andrea"]
[Result "1-0"]
[WhiteElo "1225"]
[BlackElo "1419"]
[PlyCount "115"]
[EventDate "2020.10.31"]
[EventType "swiss"]
[EventRounds "7"]
[EventCountry "NET"]
[SourceTitle "EXT 2023"]
[Source "ChessBase"]
[SourceDate "2022.10.05"]
[SourceVersion "1"]
[SourceVersionDate "2022.10.05"]
[SourceQuality "1"]

1. e4 e6 2. d4 d5 3. exd5 exd5 4. Nf3 Nf6 5. Nc3 c5 6. Be3 cxd4 7. Nxd4 Be7 8. Be2 b6 9. 0-0 0-0 10. Qd2 Bb7 11. Rad1 Qc7 12. Ncb5 Qc8 13. Bf4 Na6 14. Bd3 Qd7 15. Bf5 Qd8 16. Rfe1 Re8 17. a3 Ne4 18. Qd3 Nac5 19. Qh3 g6 20. Nc7 gxf5 21. Nxe8 Qxe8 22. Nxf5 Ne6 23. Qg4+ Kh8 24. Bh6 Bf8 25. Bxf8 Qxf8 26. f3 Nf6 27. Qg3 Qg8 28. Qe5 Qg6 29. Ne7 Qg7 30. Re3 Ne8 31. Qxg7+ N8xg7 32. Nxd5 Nf5 33. Re5 Nfd4 34. c3 Nc6 35. Rf5 Kg7 36. Ne3 Rd8 37. Rxd8 Ncxd8 38. Nc4 Kg6 39. g4 Ng5 40. Ne5+ Kh6 41. h4 Nge6 42. Nxf7+ Nxf7 43. Rxf7 Bd5 44. f4 a6 45. g5+ Kg6 46. Rf6+ Kg7 47. f5 Nd8 48. Rd6 Be4 49. f6+ Kf7 50. Rxd8 h6 51. Rd7+ Kg6 52. f7 Kg7 53. gxh6+ Kf8 54. Kf2 Bg6 55. Rd6 Kxf7 56. Rxb6 Bd3 57. Ke3 Bf5 58. Rxa6 1-0

[Event "Balkan-ch U12 Girls"]
[Site "Tornelo INT"]
[Date "2020.10.31"]
[Round "2"]
[White "Tirpan, Ceren"]
[Black "Pandelescu, Maria Catalina"]
[Result "1-0"]
[WhiteElo "1379"]
[BlackElo "1225"]
[PlyCount "141"]
[EventDate "2020.10.31"]
[EventType "swiss"]
[EventRounds "7"]
[EventCountry "NET"]
[SourceTitle "EXT 2023"]
[Source "ChessBase"]
[SourceDate "2022.10.05"]
[SourceVersion "1"]
[SourceVersionDate "2022.10.05"]
[SourceQuality "1"]

1. e4 c5 2. Nf3 Nc6 3. d4 cxd4 4. Nxd4 g6 5. Nxc6 bxc6 6. Bd3 Bg7 7. 0-0 Nf6 8. Nc3 0-0 9. Be3 d6 10. h3 c5 11. e5 Nd7 12. exd6 exd6 13. Rb1 Bb7 14. Be4 Rb8 15. Bxb7 Rxb7 16. Qxd6 Qc8 17. Rfd1 c4 18. Nd5 Qd8 19. Ne7+ Kh8 20. Nc6 Qh4 21. c3 Qe4 22. Bd4 f6 23. Na5 Rb5 24. Nxc4 Rd5 25. Qg3 Rg5 26. Nd2 Qd5 27. Qf3 Qxa2 28. Qb7 Qe6 29. Nf3 Rh5 30. Bxa7 Rf7 31. Qc8+ Bf8 32. Re1 Qd6 33. Rbd1 Rd5 34. Bd4 Kg7 35. c4 Rf5 36. Bxf6+ Qxf6 37. Rxd7 Kh6 38. Rxf7 Qxf7 39. Qe6 Qc7 40. b3 Bb4 41. Re5 Rf7 42. Re4 Re7 43. Qg4 Rxe4 44. Qxe4 Qd7 45. Qe3+ Kg7 46. Qd4+ Qxd4 47. Nxd4 Kf6 48. Nc2 Bc5 49. b4 Ba7 50. Kf1 Ke5 51. Ke2 Kd6 52. f4 Bb8 53. Kd3 Kc6 54. Ke4 h6 55. g4 Bd6 56. f5 gxf5+ 57. gxf5 Be7 58. Ke5 Bd6+ 59. Ke6 Bf4 60. f6 h5 61. f7 Bh6 62. Nd4+ Kb6 63. Ke7 Be3 64. f8Q Bxd4 65. Qb8+ Kc6 66. Qd6+ Kb7 67. Qxd4 Ka8 68. Kd7 h4 69. Kc6 Kb8 70. Qd7 Ka8 71. Qb7# 1-0

[Event "EU-ch Online U12 Girls"]
[Site "Tornelo INT"]
[Date "2020.09.19"]
[Round "4"]
[White "Pandelescu, Maria Catalina"]
[Black "Preobrazhenskaya, Diana"]
[Result "0-1"]
[WhiteElo "1225"]
[BlackElo "1462"]
[PlyCount "118"]
[EventDate "2020.09.18"]
[EventType "swiss (rapid)"]
[EventRounds "9"]
[EventCountry "NET"]
[SourceTitle "EXT 2023"]
[Source "ChessBase"]
[SourceDate "2022.10.05"]
[SourceVersion "1"]
[SourceVersionDate "2022.10.05"]
[SourceQuality "1"]
[WhiteTeam "Romania"]
[BlackTeam "Russia"]
[WhiteTeamCountry "ROU"]
[BlackTeamCountry "RUS"]

1. e4 e5 2. Nf3 Nc6 3. Bb5 a6 4. Ba4 d6 5. 0-0 Bg4 6. c3 Qf6 7. d4 exd4 8. cxd4 b5 9. Bb3 Bxf3 10. Qxf3 Qxf3 11. gxf3 Nxd4 12. Bd1 Nf6 13. Be3 Nc6 14. Nc3 Be7 15. Kh1 Ne5 16. Rg1 Rg8 17. Be2 Rb8 18. b3 c6 19. f4 Ng6 20. f3 d5 21. e5 Nd7 22. Bf1 Nh4 23. Rg3 Nf5 24. Rh3 Nxe3 25. Rxh7 Nxf1 26. Rxf1 Nf8 27. Rh3 Ng6 28. Ne2 Kd7 29. Rg3 Nh4 30. Nd4 c5 31. Nc2 Nf5 32. Rg2 d4 33. Rd2 Kc7 34. Rc1 Rbd8 35. Nb4 Kb6 36. Nd3 Ne3 37. Kg1 g5 38. Kh1 gxf4 39. Nxf4 Nd5 40. Nxd5+ Rxd5 41. f4 Rg4 42. Rf1 Bf8 43. Re2 d3 44. Ree1 d2 45. Rd1 Bh6 46. Rf2 Bxf4 47. h3 Rh4 48. Kg2 Rxe5 49. Rdf1 Re1 50. Rxf4 Rxf4 51. Rxf4 d1Q 52. Rf6+ Re6 53. Rxf7 Qd5+ 54. Kf2 Rg6 55. Rf3 Qd2+ 56. Kf1 Qg2+ 57. Ke1 Qxf3 58. Kd2 Rd6+ 59. Ke1 Rd1# 0-1

[Event "EU-ch Online U12 Girls"]
[Site "Tornelo INT"]
[Date "2020.09.19"]
[Round "6"]
[White "Pandelescu, Maria Catalina"]
[Black "Zagorac, Lara"]
[Result "1-0"]
[WhiteElo "1225"]
[BlackElo "1379"]
[PlyCount "75"]
[EventDate "2020.09.18"]
[EventType "swiss (rapid)"]
[EventRounds "9"]
[EventCountry "NET"]
[SourceTitle "EXT 2023"]
[Source "ChessBase"]
[SourceDate "2022.10.05"]
[SourceVersion "1"]
[SourceVersionDate "2022.10.05"]
[SourceQuality "1"]
[WhiteTeam "Romania"]
[BlackTeam "Croatia"]
[WhiteTeamCountry "ROU"]
[BlackTeamCountry "CRO"]

1. e4 e5 2. f4 d6 3. Nf3 Nc6 4. Bc4 Be6 5. Bxe6 fxe6 6. 0-0 Nf6 7. d3 exf4 8. Bxf4 Be7 9. Ng5 e5 10. Ne6 Qd7 11. Nxg7+ Kd8 12. Bg5 Rf8 13. Nh5 Qe6 14. Nd2 Kc8 15. Nxf6 Bxf6 16. Bxf6 Rxf6 17. Rxf6 Qxf6 18. Qg4+ Kb8 19. Rf1 Qd8 20. Qg7 Qh4 21. g3 Qe7 22. Rf8+ Qd8 23. Rxd8+ Nxd8 24. Qxh7 a5 25. g4 Ra6 26. g5 Rb6 27. Nc4 Rc6 28. g6 Ne6 29. Qg8+ Ka7 30. Qxe6 a4 31. g7 b5 32. Ne3 b4 33. g8Q b3 34. axb3 axb3 35. Qxb3 Rb6 36. Qa4+ Kb7 37. Qd5+ Kc8 38. Qe8# 1-0

[Event "FISCA Online U14 op"]
[Site "Chess.com INT"]
[Date "2020.05.13"]
[Round "5"]
[White "Pandelescu, Maria Catalina"]
[Black "Nyktaris, Minas"]
[Result "0-1"]
[WhiteElo "1242"]
[BlackElo "1034"]
[PlyCount "56"]
[EventDate "2020.05.09"]
[EventType "swiss"]
[EventRounds "9"]
[EventCountry "ROU"]
[SourceTitle "EXT 2021"]
[Source "ChessBase"]
[SourceDate "2020.10.23"]
[SourceVersion "1"]
[SourceVersionDate "2020.10.23"]
[SourceQuality "1"]

1. e4 c5 2. Nf3 e6 3. d4 cxd4 4. Nxd4 Nc6 5. Be3 Nf6 6. Bd3 d5 7. Bb5 Bd7 8. exd5 Nxd5 9. 0-0 Nxe3 10. fxe3 Nxd4 11. Bxd7+ Qxd7 12. exd4 Bd6 13. Nc3 0-0 14. Qg4 Rac8 15. a3 Rc4 16. Rad1 Bxa3 17. Qe2 Rfc8 18. bxa3 Rxc3 19. Rd3 Rxc2 20. Qg4 R8c3 21. Rfd1 Rc1 22. Rxc3 Rxc3 23. d5 f5 24. dxe6 Qxe6 25. Qb4 Qe3+ 26. Kh1 Rc1 27. Qd6 Qe1+ 28. Rxe1 Rxe1# 0-1

[Event "ROM-ch U10 Girls"]
[Site "Calimanesti"]
[Date "2018.03.27"]
[Round "1"]
[White "Pandelescu, Maria Catalina"]
[Black "Dumitrache, Ema Alexandra"]
[Result "1-0"]
[WhiteElo "1070"]
[BlackElo "1001"]
[PlyCount "49"]
[EventDate "2018.03.27"]
[EventType "swiss"]
[EventRounds "9"]
[EventCountry "ROU"]
[SourceTitle "CBM 183 Extra"]
[Source "ChessBase"]
[SourceDate "2018.04.19"]
[SourceVersion "1"]
[SourceVersionDate "2018.04.19"]
[SourceQuality "1"]

1. e4 e5 2. Bc4 Nf6 3. Nc3 Nc6 4. d3 Bb4 5. Nge2 0-0 6. f4 exf4 7. Bxf4 Bxc3+ 8. Nxc3 Na5 9. Bb3 Nxb3 10. cxb3 c6 11. 0-0 d6 12. Qe1 Nh5 13. Be3 d5 14. exd5 cxd5 15. Bd4 Bd7 16. Nxd5 Bb5 17. Qe5 Bxd3 18. Rf3 Bg6 19. g4 f6 20. Ne7+ Kf7 21. Qe6+ Kxe6 22. Re1+ Kd6 23. gxh5 Bxh5 24. Rd3 Rf7 25. Bb6# 1-0

[Event "ROM-ch U10 Girls"]
[Site "Baile Felix"]
[Date "2017.02.07"]
[Round "7"]
[White "Pandelescu, Maria Catalina"]
[Black "Chira, Mara Alexia"]
[Result "1-0"]
[WhiteElo "1068"]
[BlackElo "1125"]
[PlyCount "63"]
[EventDate "2017.02.02"]
[EventType "swiss"]
[EventRounds "9"]
[EventCountry "ROU"]
[SourceTitle "CBM 176 Extra"]
[Source "ChessBase"]
[SourceDate "2017.03.02"]
[SourceVersion "1"]
[SourceVersionDate "2017.03.02"]
[SourceQuality "1"]

1. e4 e5 2. Nf3 Nc6 3. Nc3 Nf6 4. Bb5 Bb4 5. 0-0 0-0 6. d3 d6 7. h3 Be6 8. Be3 Bxc3 9. bxc3 Qd7 10. Qd2 a6 11. Bxc6 Qxc6 12. Bg5 Nd7 13. Rfe1 d5 14. Rab1 Nc5 15. exd5 Qxd5 16. c4 Qd6 17. Bh4 f6 18. Qc3 Rab8 19. d4 Nd7 20. Rbd1 Qe7 21. dxe5 fxe5 22. Bxe7 Rf7 23. Bh4 Nf8 24. Nxe5 Rf5 25. Rd2 Re8 26. Qg3 Bxc4 27. f3 Bb5 28. Ng4 Rxe1+ 29. Qxe1 Ng6 30. Qe6+ Kf8 31. Rd8+ Be8 32. Rxe8# 1-0

[Event "ROM-ch U08 Girls"]
[Site "Calimanesti Caciulata"]
[Date "2016.04.24"]
[Round "8"]
[White "Pandelescu, Maria Catalina"]
[Black "Nicula, Andreea Elena"]
[Result "1-0"]
[WhiteElo "1001"]
[BlackElo "1001"]
[PlyCount "97"]
[EventDate "2016.04.18"]
[EventType "swiss"]
[EventRounds "9"]
[EventCountry "ROU"]
[SourceTitle "CBM 172 Extra"]
[Source "ChessBase"]
[SourceDate "2016.06.21"]
[SourceVersion "1"]
[SourceVersionDate "2016.06.21"]
[SourceQuality "1"]

1. e4 Nf6 2. Nc3 Nc6 3. Bb5 e5 4. Nf3 Bb4 5. 0-0 0-0 6. d3 Bxc3 7. bxc3 h6 8. Ba3 Ne7 9. Nxe5 d5 10. Nc4 Bd7 11. Bxd7 Qxd7 12. Re1 Qg4 13. Qxg4 Nxg4 14. d4 Z0 15. exd5 Nxd5 16. Bxf8 Rxf8 17. h3 Ngf6 18. Re2 Nxc3 19. Re7 Rc8 20. Ne5 Nfd5 21. Rxf7 Nb4 22. Re7 Nxc2 23. Rd1 Nb4 24. a3 Nc6 25. Re6 Nd8 26. Re7 Nd5 27. Rd7 c6 28. Re1 Rc7 29. Rxd8+ Kh7 30. Re8 Nf6 31. Re6 Nh5 32. Ng4 Nf4 33. R6e5 Nd3 34. Re7 Nxe1 35. Rxc7 h5 36. f3 Nxf3+ 37. gxf3 hxg4 38. hxg4 Kg8 39. Rxb7 g5 40. Kf2 Kf8 41. Ke3 Ke8 42. Rxa7 Kd8 43. Ke4 Kc8 44. Ke5 Kb8 45. Rh7 Kc8 46. Kd6 Kb8 47. Kxc6 Ka8 48. Kb6 Kb8 49. Rh8# 1-0